000 01259nam2a22002651 4500
001 v19\rc\1979117
005 20251118181152.2
035 _a(NLR Aleph) 005062512
090 _a7011043
_c7011043
100 _a20080623d1913 u y0rusy50 ca
101 0 _arus
102 _aRU
105 _ay z |||||
200 0 _a1912
_e[1 отчетный год
210 _d1913]
215 _a23 с.
461 0 _1001v19\rc\1979116
_12001#$aОбщество взаимопомощи служащих в частных кредитных учреждениях г. Херсона и Херсонской губернии$e[Отчет]$v1912
_97011039
_aОбщество взаимопомощи служащих в частных кредитных учреждениях г. Херсона и Херсонской губ.
_c[Херсон
_d[1913]-[1914]
_o[Отчет]
_tОбщество взаимопомощи служащих в частных кредитных учреждениях г. Херсона и Херсонской губернии
_v1912
801 0 _aRU
_bNLR
_gpsbo
801 0 _aRU
_bRuMoRGB
_2psbo
801 1 _aRU
_bProSoft-M
_2rusmarc
852 _aNLR
_j20.108.8.135(1)
899 _aRuMoRGB
_jV 4/102
899 _aБАН
942 _cBOOK
980 _aNB